Teoría de ecuaciones /
Guardado en:
| Autor Principal: | |
|---|---|
| Formato: | Libro |
| Idioma: | Spanish English |
| Publicado: |
Madrid ; Buenos Aires :
Dossat,
[194-?]
|
| Edición: | Versión castellana de la 3a. ed. inglesa. |
| Series: | Textos universitarios ingleses de matemáticas ;
10 |
| Etiquetas: |
Agregar Etiqueta
Sin Etiquetas, Sea el primero en etiquetar este registro!
|
| LEADER | 00829nam a22001935a 4500 | ||
|---|---|---|---|
| 001 | MAT.inmabb002549 | ||
| 008 | 050311s194?####sp#a##########001#0#spa#d | ||
| 005 | 20170629125401.0 | ||
| 245 | 1 | 0 | |a Teoría de ecuaciones / |c por H. W. Turnbull ; versión castellana de la 3a. ed. inglesa por R. Mendez Llaneza. |
| 250 | |a Versión castellana de la 3a. ed. inglesa. | ||
| 260 | |a Madrid ; |a Buenos Aires : |b Dossat, |c [194-?] | ||
| 300 | |a xi, 183 p. : |b il. ; |c 21 cm. | ||
| 440 | 0 | |a Textos universitarios ingleses de matemáticas ; |v 10 | |
| 500 | |a Traducción de: Theory of equations, 3a. ed., publicado en la serie University mathematical texts. | ||
| 100 | 1 | |a Turnbull, H. W. |q (Herbert Westren), |d 1885-1961. | |
| 240 | 1 | 0 | |a Theory of equations. |l Español |
| 084 | |a 12D10 |2 msc2000 | ||
| 041 | 1 | |a spa |h eng | |
| 859 | |h 12 |i T942-3 |p A-8208 |b BIB. MATEMATICA | ||
